| 000 | 00911cab a22002055a 4500 | ||
|---|---|---|---|
| 001 | L144963 | ||
| 008 | 080827e20080821xxka f 000 0 eng d | ||
| 035 | _a(Sirsi) u144963 | ||
| 041 | 0 | _aeng | |
| 100 | 1 | _aMoore, Andrew | |
| 245 | 0 | 0 | _aGood planning is essential to successful project delivery |
| 260 | _c2008 | ||
| 490 |
_aConstruction News _v(7082) 21 August 2008, 20(1) |
||
| 520 | _aDiscusses how proper planning is important to achieve successful projects and give the company credibility. Reports that 42% of UK constructions finish late due to a lack of planning or simply bad planning. Explains that many project managers have no training on construction planning and need to receive these skills. Presents eight steps to improve project delivery. | ||
| 590 | _aKA | ||
| 651 | 4 |
_aUnited Kingdom _y |
|
| 690 |
_aConstruction management _96230 |
||
| 690 |
_aProject management _96261 |
||
| 942 | _n0 | ||
| 999 |
_c80670 _d80670 |
||